Central Library OPAC University of Rajshahi

মোহাম্মদ এয়াকুব আলী চৌধুরীর পুস্তকাকারে-অপ্রকাশিত রচনাবলী / (Record no. 47975)

MARC details
000 -LEADER
fixed length control field 01336nam a2200265 a 4500
001 - CONTROL NUMBER
control field 47975
003 - CONTROL NUMBER IDENTIFIER
rucl marc code BD-RjUL
005 - DATE AND TIME OF LATEST TRANSACTION
control field 20211209054432.0
008 - FIXED-LENGTH DATA ELEMENTS--GENERAL INFORMATION
fixed length control field 160811s1963 bg ||||| |||| 00| 0 ben d
020 ## - INTERNATIONAL STANDARD BOOK NUMBER
Terms of availability : PRs. 4.00
035 ## - SYSTEM CONTROL NUMBER
System control number (BD-RjUL)48094
040 ## - CATALOGING SOURCE
Original cataloging agency BD-RjUL
Language of cataloging ben
Transcribing agency BD-RjUL
041 ## - LANGUAGE CODE
Language code of text/sound track or separate title ben
082 ## - DEWEY DECIMAL CLASSIFICATION NUMBER
Edition number 23
Classification number 891.4408
Author mark and year CHM 1963
100 1# - MAIN ENTRY--PERSONAL NAME
Personal name চৌধুরী, মোহাম্মদ এয়াকুব আলী
9 (RLIN) 127650
245 10 - TITLE STATEMENT
Title মোহাম্মদ এয়াকুব আলী চৌধুরীর পুস্তকাকারে-অপ্রকাশিত রচনাবলী /
Statement of responsibility, etc. চৌধুরী, মোহাম্মদ এয়াকুব আলী
260 ## - PUBLICATION, DISTRIBUTION, ETC. (IMPRINT)
Place of publication, distribution, etc. ঢাকা :
Name of publisher, distributor, etc. বাংলা একাডেমী,
Date of publication, distribution, etc. ১৯৬৩ [কার্তিক ১৩৭০ বাং.]
300 ## - PHYSICAL DESCRIPTION
Pagination ১৩৯ পৃ. ;
Size ২১ সেমি.
490 ## - SERIES STATEMENT
Series statement আধুনিক সাহিত্য-গ্রন্থমালা ;
Volume/sequential designation
650 ## - SUBJECT ADDED ENTRY--TOPICAL TERM
Topical term or geographic name as entry element বাংলা সাহিত্য
Form subdivision রচনাবলী
9 (RLIN) 145415
Topical term or geographic name as entry element Bengali litterature
Form subdivision Collected works
9 (RLIN) 145416
700 ## - ADDED ENTRY--PERSONAL NAME
Personal name কাদির, আবদুল, সম্পাদক
830 ## - SERIES ADDED ENTRY--UNIFORM TITLE
Uniform title আধুনিক সাহিত্য-গ্রন্থমালা ;
Volume number/sequential designation
942 ## - ADDED ENTRY ELEMENTS (KOHA)
Source of classification or shelving scheme Dewey Decimal Classification
Koha item type Books
Holdings
Lost status Source of classification or shelving scheme Damaged status Not for loan Collection code Permanent Location Current Location Shelving location Date acquired Source of acquisition Cost, normal purchase price Total Checkouts Full call number Date last seen Copy number Koha item type
  Dewey Decimal Classification     Non-fiction Central Library, University of Rajshahi Central Library, University of Rajshahi   19/01/1965 Ideal 4.00   B 891.4408 CHM 1963 11/08/2016 C-2 Books
  Dewey Decimal Classification     Non-fiction Central Library, University of Rajshahi Central Library, University of Rajshahi   19/01/1965 Ideal 4.00   B 891.4408 CHM 1963 11/08/2016 C-3 Books
  Dewey Decimal Classification     Non-fiction Central Library, University of Rajshahi Central Library, University of Rajshahi   19/01/1965 Ideal 4.00   B 891.4408 CHM 1963 11/08/2016 C-4 Books
  Dewey Decimal Classification     Non-fiction Central Library, University of Rajshahi Central Library, University of Rajshahi   19/01/1965 Ideal 4.00   B 891.4408 CHM 1963 11/08/2016 C-5 Books
  Dewey Decimal Classification     Non-fiction Central Library, University of Rajshahi Central Library, University of Rajshahi   19/01/1965 Ideal 4.00   B 891.4408 CHM 1963 11/08/2016 C-6 Books
  Dewey Decimal Classification     Non-fiction Central Library, University of Rajshahi Central Library, University of Rajshahi   19/01/1965 Ideal 4.00   B 891.4408 CHM 1963 11/08/2016 C-7 Books
  Dewey Decimal Classification     Non-fiction Central Library, University of Rajshahi Central Library, University of Rajshahi   19/01/1965 Ideal 4.00   B 891.4408 CHM 1963 11/08/2016 C-8 Books
  Dewey Decimal Classification     Non-fiction Central Library, University of Rajshahi Central Library, University of Rajshahi   19/01/1965 Ideal 4.00   B 891.4408 CHM 1963 11/08/2016 C-9 Books
  Dewey Decimal Classification   Not For Loan Fiction Central Library, University of Rajshahi Central Library, University of Rajshahi Reading Room 19/01/1965 Ideal 4.00   B 891.4408 CHM 1963 01/10/2019 C-1 Books